000 00342nam a22001457a 4500
008 210225b ||||| |||| 00| 0 eng d
020 _a2900393934952
041 _aeng
080 _23rd
_a94
082 _a94
100 _a16
101 _aSHH
245 _aWorlds Together World Apart a History of the World
_cTignor, R
942 _2udc
_cBK
999 _c55222
_d55222